000 00449cam a22001337a 4500
008 180718b1983 xxu||||| |||| 00| 0 eng d
082 _aZ71x5422 K527
100 _aKhanna, Rita
245 _aAgricultural mechanisation and social change in India: a study of Chambal region
_cby Rita Khanna
260 _aDelhi
_bUppal
_c1983
300 _a201p.
650 _aSocial change - India - Madhya Pradesh
650 _aFarm machinery - India - Madhya Pradesh
999 _c348070
_d348070